[Event "SLO-chT NML 31st"]
[Site "Ptuj/Grosuplje"]
[Date "2021.10.09"]
[Round "2.3"]
[White "Lazar, Ales Ml"]
[Black "Suta, Andraz"]
[Result "0-1"]
[WhiteElo "2268"]
[BlackElo "2228"]
[PlyCount "94"]
[EventDate "2021.10.08"]
[EventType "team-tourn"]
[EventRounds "9"]
[EventCountry "SLO"]
[SourceTitle "EXT 2023"]
[Source "ChessBase"]
[SourceDate "2022.10.05"]
[SourceVersion "1"]
[SourceVersionDate "2022.10.05"]
[SourceQuality "1"]
[WhiteTeam "Pomgrad"]
[BlackTeam "Ptuj"]
[WhiteTeamCountry "SLO"]
[BlackTeamCountry "SLO"]

1. e4 e5 2. Nf3 Nc6 3. d4 exd4 4. Nxd4 Nf6 5. Nc3 Bb4 6. Nxc6 bxc6 7. Bd3 0-0 8. 0-0 d5 9. exd5 cxd5 10. h3 c5 11. Qf3 Be6 12. Rd1 Qe7 13. Bg5 h6 14. Bh4 Bxc3 15. bxc3 c4 16. Bxf6 Qxf6 17. Qxf6 gxf6 18. Be2 Rab8 19. Rab1 Rb6 20. f4 Rfb8 21. Rxb6 Rxb6 22. f5 Bxf5 23. Rxd5 Be6 24. Ra5 Rb2 25. Kf2 Rxc2 26. Ra3 a5 27. Ke3 a4 28. Bf3 f5 29. Bc6 Kg7 30. Kd4 Rd2+ 31. Kc5 Rc2 32. Kb4 Rb2+ 33. Kc5 Rc2 34. Kb4 Rb2+ 35. Kxa4 Kf6 36. Ka5 Ke5 37. Ka6 Kd6 38. Bb7 Bd5 39. Bxd5 Kxd5 40. Ra5+ Ke4 41. a4 f4 42. Rc5 Rxg2 43. Rxc4+ Ke3 44. Rc7 Rg6+ 45. Kb5 Rf6 46. Re7+ Kd2 47. Rd7+ Ke2 0-1

[Event "SLO-chT 27th"]
[Site "Slovenia"]
[Date "2017.12.10"]
[Round "9.5"]
[White "Lazar, Ales Ml"]
[Black "Zirkelbach, Maj"]
[Result "1/2-1/2"]
[WhiteElo "2293"]
[BlackElo "2209"]
[PlyCount "60"]
[EventDate "2017.09.29"]
[EventType "team-tourn"]
[EventRounds "9"]
[EventCountry "SLO"]
[SourceTitle "EXT 2019"]
[Source "ChessBase"]
[SourceDate "2018.10.10"]
[SourceVersion "1"]
[SourceVersionDate "2018.10.10"]
[SourceQuality "1"]
[WhiteTeam "Pomgrad Radenska"]
[BlackTeam "Novo Mesto Krka"]
[WhiteTeamCountry "SLO"]
[BlackTeamCountry "SLO"]

1. e4 e5 2. Nf3 Nc6 3. d4 exd4 4. Nxd4 Nf6 5. Nc3 Bb4 6. Nxc6 bxc6 7. Bd3 0-0 8. 0-0 d5 9. exd5 cxd5 10. h3 c6 11. Qf3 Be6 12. Bf4 Bd6 13. Ne2 Qc7 14. Bxd6 Qxd6 15. Rfd1 Rad8 16. Qf4 Qxf4 17. Nxf4 Rfe8 18. b4 Rb8 19. a3 Rbd8 20. Nxe6 fxe6 21. f4 e5 22. fxe5 Rxe5 23. Re1 Rxe1+ 24. Rxe1 Re8 25. Rxe8+ Nxe8 26. Kf2 Kf7 27. Ke3 Nf6 28. Kd4 Ke6 29. c4 dxc4 30. Bxc4+ Kd6 1/2-1/2

[Event "SLO-chT1 East"]
[Site "Slovenia"]
[Date "2016.09.23"]
[Round "1"]
[White "Lazar, Ales Ml"]
[Black "Zelcic, Robert"]
[Result "0-1"]
[WhiteElo "2296"]
[BlackElo "2518"]
[PlyCount "88"]
[EventDate "2016.09.23"]
[EventType "team-tourn"]
[EventRounds "9"]
[EventCountry "SLO"]
[SourceTitle "EXT 2019"]
[Source "ChessBase"]
[SourceDate "2018.10.10"]
[SourceVersion "1"]
[SourceVersionDate "2018.10.10"]
[SourceQuality "1"]
[WhiteTeam "Pomgrad Radenska II"]
[BlackTeam "Sentjur"]
[WhiteTeamCountry "SLO"]
[BlackTeamCountry "SLO"]

1. e4 c5 2. c3 d5 3. exd5 Qxd5 4. d4 Nc6 5. Nf3 Bg4 6. dxc5 Qxd1+ 7. Kxd1 e5 8. b4 a5 9. Bb5 e4 10. Bxc6+ bxc6 11. h3 0-0-0+ 12. Nbd2 exf3 13. hxg4 fxg2 14. Rg1 axb4 15. cxb4 Rd4 16. a3 Rxg4 17. Nf3 f6 18. Ra2 Ne7 19. Nh2 Rh4 20. Rxg2 Nf5 21. Nf3 Rh3 22. Ke2 h5 23. Rd2 Be7 24. Nd4 Nxd4+ 25. Rxd4 g5 26. Re4 Rh7 27. Rg1 Bd8 28. Be3 f5 29. Re6 f4 30. Bd4 Re7 31. Rxe7 Bxe7 32. f3 Rh2+ 33. Kd3 h4 34. Ra1 h3 35. a4 Rg2 36. b5 h2 37. bxc6 Bf6 38. Rh1 Bxd4 39. Kxd4 Kc7 40. Ke4 Kxc6 41. Kf5 Kxc5 42. Rxh2 Rxh2 43. Kxg5 Kd6 44. Kxf4 Ke6 0-1

[Event "SLO-CupT"]
[Site "Portoroz"]
[Date "2016.03.13"]
[Round "4"]
[White "Srebrnic, Marko"]
[Black "Lazar, Ales Ml"]
[Result "1-0"]
[WhiteElo "2288"]
[BlackElo "2317"]
[PlyCount "91"]
[EventDate "2016.03.11"]
[EventType "team-swiss"]
[EventRounds "5"]
[EventCountry "SLO"]
[SourceTitle "EXT 2019"]
[Source "ChessBase"]
[SourceDate "2018.10.10"]
[SourceVersion "1"]
[SourceVersionDate "2018.10.10"]
[SourceQuality "1"]
[WhiteTeam "Nova Gorica"]
[BlackTeam "Radenska Pomgrad"]
[WhiteTeamCountry "SLO"]
[BlackTeamCountry "SLO"]

1. e4 c5 2. Nf3 e6 3. g3 Nc6 4. Bg2 Nf6 5. Nc3 d5 6. exd5 Nxd5 7. 0-0 Nxc3 8. bxc3 Be7 9. d4 0-0 10. Be3 Qa5 11. Qd3 h6 12. Nd2 Rd8 13. Rab1 Qa4 14. Nc4 cxd4 15. cxd4 Nb4 16. Qb3 Qxb3 17. cxb3 Nxa2 18. Ra1 Nc3 19. Nb6 Rb8 20. Rxa7 Bd7 21. Re1 Be8 22. d5 exd5 23. Bf4 Bd6 24. Rxe8+ Rxe8 25. Bxd6 Re1+ 26. Bf1 Rd8 27. Bb4 d4 28. Kg2 Rc1 29. Bd3 Nd1 30. Bd2 Rc7 31. Nc4 Nc3 32. Ne5 Kf8 33. f4 Ke7 34. Kf3 Kd6 35. Bc4 f6 36. Nf7+ Rxf7 37. Bxf7 Rd7 38. Bc4 Kc5 39. Be6 Rd6 40. f5 Rb6 41. Ra5+ Kd6 42. Bxc3 dxc3 43. Rd5+ Kc7 44. Rd7+ Kb8 45. Rd8+ Ka7 46. Rc8 1-0

[Event "SLO-chT1 East"]
[Site "Slovenia"]
[Date "2015.11.27"]
[Round "7"]
[White "Zelcic, Robert"]
[Black "Lazar, Ales Ml"]
[Result "1-0"]
[WhiteElo "2518"]
[BlackElo "2304"]
[PlyCount "65"]
[EventDate "2015.10.16"]
[EventType "team-tourn"]
[EventRounds "9"]
[EventCountry "SLO"]
[SourceTitle "EXT 2019"]
[Source "ChessBase"]
[SourceDate "2018.10.10"]
[SourceVersion "1"]
[SourceVersionDate "2018.10.10"]
[SourceQuality "1"]
[WhiteTeam "Sentjur"]
[BlackTeam "Radenska Pomgrad II"]
[WhiteTeamCountry "SLO"]
[BlackTeamCountry "SLO"]

1. e4 c5 2. Nf3 e6 3. d4 cxd4 4. Nxd4 Nc6 5. Nc3 Qc7 6. Be2 a6 7. 0-0 Nf6 8. Kh1 Be7 9. f4 d6 10. Be3 0-0 11. Qe1 Nxd4 12. Bxd4 b5 13. a3 Bb7 14. Qg3 Rad8 15. Rae1 Rd7 16. Bd3 Re8 17. a4 b4 18. Na2 a5 19. c3 bxc3 20. Nxc3 Bc6 21. Nd5 Qd8 22. Bb6 Qa8 23. Nxe7+ Rexe7 24. Bd4 Ne8 25. Bc3 e5 26. Bc2 f6 27. fxe5 dxe5 28. Bxe5 Kh8 29. Bc3 Nd6 30. e5 fxe5 31. Bxe5 Nc4 32. Qh4 Bxg2+ 33. Kg1 1-0

[Event "SLO-chT 22th"]
[Site "Ljubljana"]
[Date "2012.12.07"]
[Round "7"]
[White "Rozic, Vesna"]
[Black "Lazar, Ales Ml"]
[Result "1/2-1/2"]
[WhiteElo "2253"]
[BlackElo "2304"]
[PlyCount "163"]
[EventDate "2012.11.23"]
[EventType "team-tourn"]
[EventRounds "9"]
[EventCountry "SLO"]
[SourceTitle "CBM 151 Extra"]
[Source "ChessBase"]
[SourceDate "2012.12.18"]
[SourceVersion "1"]
[SourceVersionDate "2012.12.18"]
[SourceQuality "1"]
[WhiteTeam "Maribor ZSK"]
[BlackTeam "Radenska Pomgrad"]
[WhiteTeamCountry "SLO"]
[BlackTeamCountry "SLO"]

1. d4 d5 2. Nf3 Nf6 3. c4 e6 4. g3 c6 5. Bg2 Nbd7 6. 0-0 Bd6 7. Qc2 Qe7 8. Nbd2 0-0 9. b3 e5 10. dxe5 Nxe5 11. Bb2 dxc4 12. Nxc4 Nxc4 13. Qxc4 Ba3 14. Bxa3 Qxa3 15. Nd4 a5 16. Rfd1 Qe7 17. Rac1 Rd8 18. h3 h6 19. e3 Nd5 20. e4 Nb4 21. Qe2 Bd7 22. a3 Na6 23. Qb2 Nc7 24. Re1 Be6 25. Nf5 Bxf5 26. exf5 Qd6 27. f6 Qxf6 28. Qxf6 gxf6 29. Re7 Rac8 30. Bf3 Kf8 31. Re3 Rd4 32. Rc5 a4 33. Rh5 Re8 34. Rxh6 Kg7 35. Rh5 Rxe3 36. fxe3 Rd3 37. bxa4 Rxe3 38. Kf2 Rxa3 39. Ra5 Ne6 40. Ra7 Nc5 41. a5 f5 42. Kg2 Ra2+ 43. Kg1 Kf6 44. h4 Ra3 45. Kg2 Ra2+ 46. Kg1 Ne4 47. Rxb7 Rxa5 48. g4 Ra1+ 49. Kg2 Ra2+ 50. Kg1 Nd6 51. Rc7 fxg4 52. Bxg4 Ra4 53. Bf3 Rxh4 54. Rxc6 Ke6 55. Ra6 Rd4 56. Ra5 f5 57. Kf2 Rd2+ 58. Ke1 Rd4 59. Kf2 Nc4 60. Rb5 Rd2+ 61. Kg3 Rd6 62. Kf2 Ne5 63. Bb7 Kf6 64. Ra5 Rd2+ 65. Kf1 Rc2 66. Rb5 Nd3 67. Ra5 Nc5 68. Rb5 Ke5 69. Rb4 Rc1+ 70. Kg2 Nd3 71. Rb3 Kd4 72. Ra3 Ne5 73. Ra4+ Ke3 74. Ra3+ Nd3 75. Ba6 Rc2+ 76. Kg3 f4+ 77. Kg4 Rg2+ 78. Kh4 Rd2 79. Kg4 f3 80. Rxd3+ Rxd3 81. Bxd3 Kxd3 82. Kxf3 1/2-1/2

[Event "SLO-chT Cup"]
[Site "Ljubljana"]
[Date "2012.09.15"]
[Round "3.11"]
[White "Lazar, Ales Ml"]
[Black "Tratar, Marko"]
[Result "1/2-1/2"]
[WhiteElo "2308"]
[BlackElo "2502"]
[PlyCount "75"]
[EventDate "2012.09.14"]
[EventType "team-swiss"]
[EventRounds "5"]
[EventCountry "SLO"]
[SourceTitle "EXT 2015"]
[Source "ChessBase"]
[SourceDate "2014.11.20"]
[SourceVersion "1"]
[SourceVersionDate "2014.11.20"]
[SourceQuality "1"]
[WhiteTeam "Radenska Pomgrad"]
[BlackTeam "Maribor Branik"]
[WhiteTeamCountry "SLO"]
[BlackTeamCountry "SLO"]

1. e4 e6 2. d4 d5 3. Nd2 c5 4. Ngf3 cxd4 5. exd5 Qxd5 6. Bc4 Qd7 7. 0-0 Nc6 8. Nb3 Nf6 9. Nbxd4 Bc5 10. Nxc6 Qxc6 11. Qe2 0-0 12. Bg5 Qe4 13. Rad1 b6 14. Ne5 Bb7 15. Qxe4 Nxe4 16. Be3 Rfd8 17. Nd3 Be7 18. Rfe1 Nd6 19. Bb3 Nf5 20. c3 Nxe3 21. Rxe3 Rd6 22. Ree1 Bf6 23. Nf4 Rad8 24. Rxd6 Rxd6 25. Rd1 Rxd1+ 26. Bxd1 Bg5 27. Nd3 Be4 28. Bc2 Kf8 29. f3 Be3+ 30. Kf1 Bb7 31. Ke2 Bg1 32. h3 Ke7 33. b4 Kd6 34. Nb2 f5 35. Nc4+ Ke7 36. a4 Bd5 37. Bd3 g6 38. a5 1/2-1/2

[Event "SLO-chT Cup"]
[Site "Ljubljana"]
[Date "2012.09.14"]
[Round "1.31"]
[White "Borisek, Anze"]
[Black "Lazar, Ales Ml"]
[Result "0-1"]
[WhiteElo "1957"]
[BlackElo "2308"]
[PlyCount "56"]
[EventDate "2012.09.14"]
[EventType "team-swiss"]
[EventRounds "5"]
[EventCountry "SLO"]
[SourceTitle "EXT 2015"]
[Source "ChessBase"]
[SourceDate "2014.11.20"]
[SourceVersion "1"]
[SourceVersionDate "2014.11.20"]
[SourceQuality "1"]
[WhiteTeam "Podpec"]
[BlackTeam "Radenska Pomgrad"]
[WhiteTeamCountry "SLO"]
[BlackTeamCountry "SLO"]

1. f4 d5 2. e3 g6 3. d4 Bg7 4. Nf3 c5 5. c3 Nc6 6. Bd3 Nh6 7. 0-0 c4 8. Bc2 Bf5 9. Nbd2 Bxc2 10. Qxc2 f5 11. Ne5 Rc8 12. Ndf3 0-0 13. Bd2 Nf7 14. Be1 Nd6 15. Ng5 Rf6 16. Bh4 Qe8 17. Rad1 e6 18. Kh1 Rf8 19. Ngf3 b5 20. Ra1 a5 21. a3 Ne4 22. Nxc6 Rxc6 23. Nd2 Nd6 24. Rfb1 Qd7 25. b4 cxb3 26. Rxb3 Rfc8 27. Qd3 a4 28. Rxb5 Rxc3 0-1

[Event "Ljubljana-chT 65th 1st League"]
[Site "Ljubljana"]
[Date "2012.01.26"]
[Round "3.1"]
[White "Lazar, Ales Ml"]
[Black "Praznik, Anton"]
[Result "1-0"]
[WhiteElo "2308"]
[BlackElo "2164"]
[PlyCount "97"]
[EventDate "2012.01.12"]
[EventType "team-tourn"]
[EventRounds "9"]
[EventCountry "SLO"]
[SourceTitle "EXT 2022"]
[Source "ChessBase"]
[SourceDate "2021.10.06"]
[SourceVersion "1"]
[SourceVersionDate "2021.10.06"]
[SourceQuality "1"]
[WhiteTeam "Vrhnika"]
[BlackTeam "Komenda Gaber"]
[WhiteTeamCountry "SLO"]
[BlackTeamCountry "SLO"]

1. e4 d6 2. d4 Nf6 3. Nc3 g6 4. Nf3 Bg7 5. h3 0-0 6. Be3 a6 7. Bd3 b5 8. a4 b4 9. Ne2 Bb7 10. Ng3 Nbd7 11. c3 c5 12. cxb4 cxb4 13. 0-0 a5 14. Nd2 e5 15. d5 Nc5 16. Bxc5 dxc5 17. Nb3 Rc8 18. Rc1 Qb6 19. Qd2 Rc7 20. Qe3 Rfc8 21. Rfd1 Ne8 22. Nf1 Nd6 23. Nfd2 Bf8 24. Rc2 h5 25. g4 hxg4 26. hxg4 f5 27. f3 Ba6 28. Nc4 Bxc4 29. Bxc4 fxg4 30. fxg4 Rh7 31. Nd2 Qd8 32. Nf3 Qe7 33. Ba6 Ra8 34. Bf1 Rc8 35. Ba6 Ra8 36. Bf1 Rc8 37. b3 Nf7 38. d6 Nxd6 39. Rd5 Nf7 40. Bc4 Kh8 41. Qd3 Bh6 42. Rd7 Qf6 43. Rh2 Rf8 44. Kg2 Bf4 45. Rxh7+ Kxh7 46. g5 Qg7 47. Qd5 Kg8 48. Qe6 Kh7 49. Rxf7 1-0

[Event "SLO-chT Central Superliga 12th"]
[Site "Slovenia"]
[Date "2011.11.17"]
[Round "7.1"]
[White "Lazar, Ales Ml"]
[Black "Osolin, Bojan"]
[Result "0-1"]
[WhiteElo "2308"]
[BlackElo "2167"]
[PlyCount "106"]
[EventDate "2011.09.08"]
[EventType "team-tourn"]
[EventRounds "7"]
[EventCountry "SLO"]
[SourceTitle "EXT 2022"]
[Source "ChessBase"]
[SourceDate "2021.10.06"]
[SourceVersion "1"]
[SourceVersionDate "2021.10.06"]
[SourceQuality "1"]
[WhiteTeam "IBM"]
[BlackTeam "Domzale SD"]
[WhiteTeamCountry "SLO"]
[BlackTeamCountry "SLO"]

1. e4 e5 2. Nf3 Nc6 3. Bc4 Nf6 4. d3 Bc5 5. c3 d6 6. Bb3 h6 7. Nbd2 Qe7 8. h3 Bd7 9. Nf1 Nh5 10. g3 0-0-0 11. Be3 g5 12. Qe2 Ng7 13. Bxc5 dxc5 14. Ne3 f5 15. Bd5 Nb8 16. 0-0-0 Rhe8 17. exf5 Bxf5 18. Nxf5 Nxf5 19. Bxb7+ Kxb7 20. Qe4+ Nc6 21. Qxf5 Rf8 22. Qe4 Qf6 23. Nd2 Qxf2 24. Qc4 Ka8 25. Ne4 Qe3+ 26. Kb1 Na5 27. Qb5 Nb7 28. Rhe1 Qf3 29. a4 c6 30. Qa6 Qh5 31. Qxc6 Rc8 32. Qe6 Rfe8 33. Qf5 Rc7 34. Rf1 Rec8 35. h4 Qe8 36. b3 gxh4 37. gxh4 Na5 38. Kc2 Nxb3 39. Kxb3 c4+ 40. Ka3 Rb7 41. dxc4 Rxc4 42. Rd7 Rxd7 43. Rb1 Rxa4+ 44. Kb2 Rb7+ 45. Kc2 Rxb1 46. Kxb1 Qb5+ 47. Kc1 Ra1+ 48. Kd2 Qd5+ 49. Ke3 Kb7 50. Qf2 Rd1 51. Qb2+ Kc7 52. Qe2 a5 53. Nd2 Qxd2+ 0-1

[Event "EU-Cup 27th"]
[Site "Rogaska Slatina"]
[Date "2011.09.30"]
[Round "6"]
[White "Lazar, Ales Ml"]
[Black "Driessens, Patrick"]
[Result "1/2-1/2"]
[WhiteElo "2308"]
[BlackElo "2311"]
[PlyCount "26"]
[EventDate "2011.09.25"]
[EventType "team-swiss"]
[EventRounds "7"]
[EventCountry "SLO"]
[SourceTitle "CBM 145"]
[Source "ChessBase"]
[SourceDate "2011.11.11"]
[SourceVersion "1"]
[SourceVersionDate "2011.11.11"]
[SourceQuality "1"]
[WhiteTeam "Pomgrad"]
[BlackTeam "Voerendaal"]
[WhiteTeamCountry "SLO"]
[BlackTeamCountry "NED"]

1. e4 e6 2. d4 d5 3. Nd2 a6 4. Ngf3 Nf6 5. Bd3 c5 6. exd5 Qxd5 7. dxc5 Bxc5 8. 0-0 0-0 9. Qe2 Nbd7 10. a4 b6 11. b3 Bb7 12. Bb2 e5 13. Rfe1 Rfe8 1/2-1/2

[Event "EU-Cup 27th"]
[Site "Rogaska Slatina"]
[Date "2011.09.28"]
[Round "4"]
[White "Lazar, Ales Ml"]
[Black "Michalczak, Thomas"]
[Result "1/2-1/2"]
[WhiteElo "2308"]
[BlackElo "2316"]
[PlyCount "56"]
[EventDate "2011.09.25"]
[EventType "team-swiss"]
[EventRounds "7"]
[EventCountry "SLO"]
[SourceTitle "CBM 145"]
[Source "ChessBase"]
[SourceDate "2011.11.11"]
[SourceVersion "1"]
[SourceVersionDate "2011.11.11"]
[SourceQuality "1"]
[WhiteTeam "Pomgrad"]
[BlackTeam "Solingen SG"]
[WhiteTeamCountry "SLO"]
[BlackTeamCountry "GER"]

1. e4 e5 2. Nf3 Nc6 3. d4 exd4 4. Nxd4 Nf6 5. Nxc6 bxc6 6. e5 Qe7 7. Qe2 Nd5 8. Nd2 g6 9. c4 Ba6 10. Nf3 Qb4+ 11. Kd1 Rb8 12. Qc2 Ne7 13. Bd3 c5 14. b3 Bb7 15. Bb2 Qb6 16. Be4 Bg7 17. Bxb7 Qxb7 18. Re1 0-0 19. Ke2 Nf5 20. Kf1 Nd4 21. Qd3 Nxf3 22. Qxf3 Qxf3 23. gxf3 Rbe8 24. Bc3 f6 25. exf6 Rxe1+ 26. Rxe1 Bxf6 27. Bxf6 Rxf6 28. Re5 d6 1/2-1/2

[Event "EU-Cup 27th"]
[Site "Rogaska Slatina"]
[Date "2011.09.25"]
[Round "1"]
[White "Lazar, Ales Ml"]
[Black "Kozul, Zdenko"]
[Result "1/2-1/2"]
[WhiteElo "2308"]
[BlackElo "2541"]
[PlyCount "109"]
[EventDate "2011.09.25"]
[EventType "team-swiss"]
[EventRounds "7"]
[EventCountry "SLO"]
[SourceTitle "CBM 145"]
[Source "ChessBase"]
[SourceDate "2011.11.11"]
[SourceVersion "1"]
[SourceVersionDate "2011.11.11"]
[SourceQuality "1"]
[WhiteTeam "Pomgrad"]
[BlackTeam "Maribor"]
[WhiteTeamCountry "SLO"]
[BlackTeamCountry "SLO"]

1. e4 c5 2. c3 Nf6 3. e5 Nd5 4. Bc4 e6 5. d4 cxd4 6. Bxd5 exd5 7. Qxd4 Nc6 8. Qxd5 d6 9. exd6 Bxd6 10. Qe4+ Be6 11. Nf3 h6 12. 0-0 0-0 13. Bf4 Bc5 14. Nbd2 Re8 15. Rae1 Bxa2 16. Qxe8+ Qxe8 17. Rxe8+ Rxe8 18. b3 g5 19. Be3 Bxe3 20. fxe3 Rxe3 21. Rc1 g4 22. Nf1 Re6 23. N3d2 Ne5 24. Ra1 Ra6 25. Ne3 Nd3 26. Nc2 h5 27. Nb4 Nxb4 28. cxb4 b5 29. Kf2 Kg7 30. Ke3 Kg6 31. Kd4 h4 32. Ne4 Ra3 33. Nc5 a5 34. Kc3 a4 35. Kb2 Rxb3+ 36. Nxb3 Bxb3 37. Rf1 f5 38. g3 hxg3 39. hxg3 Kf6 40. Re1 Bf7 41. Ka3 Bc4 42. Kb2 Bd5 43. Kc3 a3 44. Rf1 Bc4 45. Ra1 Ke5 46. Rxa3 f4 47. gxf4+ Kxf4 48. Kd2 g3 49. Ke1 Bd5 50. Kf1 g2+ 51. Kf2 Ke5 52. Rc3 Bc4 53. Kxg2 Kd4 54. Rc1 Kd3 55. Kf2 1/2-1/2

[Event "NATO-ch 21st"]
[Site "Koge"]
[Date "2010.10.22"]
[Round "7"]
[White "Schott, Guido"]
[Black "Lazar, Ales Ml"]
[Result "1/2-1/2"]
[WhiteElo "2174"]
[BlackElo "2252"]
[PlyCount "39"]
[EventDate "2010.10.18"]
[EventType "swiss"]
[EventRounds "7"]
[EventCountry "DEN"]
[SourceTitle "EXT 2011"]
[Source "ChessBase"]
[SourceDate "2010.11.26"]
[SourceVersion "1"]
[SourceVersionDate "2010.11.26"]
[SourceQuality "1"]

1. e4 c5 2. Nf3 g6 3. d3 Nc6 4. g3 Bg7 5. Bg2 d6 6. c3 Qc7 7. Na3 a6 8. 0-0 Nf6 9. Re1 0-0 10. h3 e6 11. Be3 b6 12. Qd2 Bb7 13. Bh6 Ne5 14. Bxg7 Nxf3+ 15. Bxf3 Kxg7 16. Nc2 Rad8 17. Rad1 b5 18. h4 h5 19. a3 Rfe8 20. c4 1/2-1/2

[Event "NATO-ch 21st"]
[Site "Koge"]
[Date "2010.10.20"]
[Round "4"]
[White "Lazar, Ales Ml"]
[Black "Christen, Pierre"]
[Result "1-0"]
[WhiteElo "2252"]
[BlackElo "2007"]
[PlyCount "69"]
[EventDate "2010.10.18"]
[EventType "swiss"]
[EventRounds "7"]
[EventCountry "DEN"]
[SourceTitle "EXT 2011"]
[Source "ChessBase"]
[SourceDate "2010.11.26"]
[SourceVersion "1"]
[SourceVersionDate "2010.11.26"]
[SourceQuality "1"]

1. e4 c6 2. d4 d5 3. Nc3 dxe4 4. Nxe4 Nd7 5. Nf3 Ngf6 6. Ng3 e6 7. Bd3 Bd6 8. 0-0 0-0 9. c4 c5 10. b3 cxd4 11. Nxd4 a6 12. Bb2 Qc7 13. Qe2 b6 14. Rad1 Bb7 15. Bb1 Rfe8 16. Qd2 Bf4 17. Qc2 Bh6 18. Qe2 Rad8 19. Rfe1 g6 20. h4 Qf4 21. h5 Qg4 22. hxg6 hxg6 23. Qxg4 Nxg4 24. Be4 Nc5 25. Bxb7 Nxb7 26. Nc6 Rc8 27. Nb4 Nc5 28. Ne4 Bf8 29. Nd6 Bxd6 30. Rxd6 a5 31. Nc2 Red8 32. Red1 Rxd6 33. Rxd6 b5 34. cxb5 Nxf2 35. Rc6 1-0

[Event "SLO-chT Central Superliga 11th"]
[Site "Slovenia"]
[Date "2010.09.30"]
[Round "3.2"]
[White "Sivic, Jernej"]
[Black "Lazar, Ales Ml"]
[Result "1/2-1/2"]
[WhiteElo "2101"]
[BlackElo "2294"]
[PlyCount "43"]
[EventDate "2010.09.09"]
[EventType "team-tourn"]
[EventRounds "9"]
[EventCountry "SLO"]
[SourceTitle "EXT 2022"]
[Source "ChessBase"]
[SourceDate "2021.10.06"]
[SourceVersion "1"]
[SourceVersionDate "2021.10.06"]
[SourceQuality "1"]
[WhiteTeam "Podpec MKK"]
[BlackTeam "IBM"]
[WhiteTeamCountry "SLO"]
[BlackTeamCountry "SLO"]

1. d4 d5 2. c4 e6 3. Nc3 Nf6 4. Bg5 Be7 5. e3 0-0 6. Nf3 Nbd7 7. Qc2 Re8 8. Bd3 a6 9. c5 Nf8 10. Ne5 N6d7 11. Bxe7 Qxe7 12. Nxd7 Bxd7 13. 0-0 Bc6 14. Ne2 Bb5 15. b4 Bxd3 16. Qxd3 e5 17. dxe5 Qxe5 18. Nd4 Ne6 19. Rfd1 Nxd4 20. Qxd4 c6 21. a4 Qc7 22. Qb2 1/2-1/2

[Event "SLO-chT Central Superliga 11th"]
[Site "Slovenia"]
[Date "2010.09.16"]
[Round "2.1"]
[White "Gombac, Jan"]
[Black "Lazar, Ales Ml"]
[Result "1/2-1/2"]
[WhiteElo "2316"]
[BlackElo "2294"]
[PlyCount "61"]
[EventDate "2010.09.09"]
[EventType "team-tourn"]
[EventRounds "9"]
[EventCountry "SLO"]
[SourceTitle "EXT 2022"]
[Source "ChessBase"]
[SourceDate "2021.10.06"]
[SourceVersion "1"]
[SourceVersionDate "2021.10.06"]
[SourceQuality "1"]
[WhiteTeam "Podpec Isoglas"]
[BlackTeam "IBM"]
[WhiteTeamCountry "SLO"]
[BlackTeamCountry "SLO"]

1. c4 c6 2. d4 d5 3. Nf3 Nf6 4. Nc3 e6 5. e3 Nbd7 6. Bd3 dxc4 7. Bxc4 b5 8. Bd3 Bb7 9. 0-0 a6 10. a4 b4 11. Ne4 c5 12. Nxf6+ Nxf6 13. Qe2 cxd4 14. Nxd4 Bc5 15. Nb3 Be7 16. e4 e5 17. Rd1 0-0 18. Be3 Qb8 19. f3 Rc8 20. Rd2 a5 21. Bb5 Bc6 22. Bxc6 Rxc6 23. Rad1 h6 24. Bf2 Re6 25. Nc5 Rc6 26. Nd7 Nxd7 27. Rxd7 Bc5 28. Bxc5 Rxc5 29. Qe3 Qf8 30. Qb3 Rac8 31. h3 1/2-1/2

[Event "SLO-chT Central Superliga 11th"]
[Site "Slovenia"]
[Date "2010.09.09"]
[Round "1.1"]
[White "Lazar, Ales Ml"]
[Black "Plaskan, Jure"]
[Result "1/2-1/2"]
[WhiteElo "2294"]
[BlackElo "2224"]
[PlyCount "51"]
[EventDate "2010.09.09"]
[EventType "team-tourn"]
[EventRounds "9"]
[EventCountry "SLO"]
[SourceTitle "EXT 2022"]
[Source "ChessBase"]
[SourceDate "2021.10.06"]
[SourceVersion "1"]
[SourceVersionDate "2021.10.06"]
[SourceQuality "1"]
[WhiteTeam "IBM"]
[BlackTeam "Domzale SD"]
[WhiteTeamCountry "SLO"]
[BlackTeamCountry "SLO"]

1. e4 c5 2. c3 d6 3. d4 Nf6 4. Bd3 Qc7 5. h3 g6 6. Nf3 Bg7 7. 0-0 0-0 8. Be3 e5 9. Nbd2 b6 10. Re1 Nc6 11. Rc1 Qe7 12. a3 Nh5 13. dxc5 dxc5 14. b4 cxb4 15. cxb4 Bb7 16. Nb3 Rfd8 17. Qe2 Nf4 18. Bxf4 exf4 19. Ba6 Bxa6 20. Qxa6 Ne5 21. Nbd4 Nxf3+ 22. Nxf3 Rd7 23. e5 Rad8 24. Rc4 Rd1 25. Rce4 Qc7 26. Qe2 1/2-1/2

[Event "SLO-chT Central Superliga 10th"]
[Site "Slovenija"]
[Date "2009.09.24"]
[Round "2.1"]
[White "Kragelj, Igor"]
[Black "Lazar, Ales Ml"]
[Result "0-1"]
[WhiteElo "2216"]
[BlackElo "2291"]
[PlyCount "146"]
[EventDate "2009.09.17"]
[EventType "team-tourn"]
[EventRounds "9"]
[EventCountry "SLO"]
[SourceTitle "EXT 2022"]
[Source "ChessBase"]
[SourceDate "2021.10.06"]
[SourceVersion "1"]
[SourceVersionDate "2021.10.06"]
[SourceQuality "1"]
[WhiteTeam "Komenda Popotnik"]
[BlackTeam "IBM"]
[WhiteTeamCountry "SLO"]
[BlackTeamCountry "SLO"]

1. d4 d5 2. c4 c6 3. Nf3 Nf6 4. Nc3 e6 5. e3 Nbd7 6. Qc2 Bd6 7. Bd3 dxc4 8. Bxc4 e5 9. 0-0 0-0 10. Bb3 exd4 11. exd4 Nb6 12. Bg5 Be7 13. Rfe1 Nfd5 14. Nxd5 Bxg5 15. Nxg5 Qxg5 16. Re5 Qh6 17. Ne7+ Kh8 18. Rae1 Bd7 19. Qc5 Qf6 20. d5 Rad8 21. dxc6 bxc6 22. Nf5 Be6 23. Qc2 Bxb3 24. Qxb3 g6 25. Ng3 Rd2 26. R5e2 Rxe2 27. Rxe2 Rd8 28. h3 Kg8 29. Ne4 Qf4 30. Qc2 Rd4 31. Nc3 Qd6 32. Qb3 Kg7 33. g3 Qd7 34. Kg2 Rd3 35. Qb4 Rd4 36. Qe7 Qxe7 37. Rxe7 Nd7 38. Re4 Rd2 39. Re2 Rd4 40. Re4 Rd2 41. Re2 Rd3 42. Rc2 f5 43. Kf1 Kf6 44. Ke2 Rd6 45. h4 Re6+ 46. Kd1 Ne5 47. Re2 Nd3 48. b3 Rd6 49. Kc2 h6 50. Rd2 Nb4+ 51. Kd1 Rd3 52. Rxd3 Nxd3 53. Ke2 Nc5 54. Ke3 g5 55. hxg5+ hxg5 56. b4 Ne6 57. Kd3 Ke5 58. a3 g4 59. Ke3 Nd4 60. Kd3 Nb5 61. Nxb5 cxb5 62. Ke3 f4+ 63. Kd3 fxg3 64. fxg3 Kd5 65. Ke3 Kc4 66. Kf4 Kb3 67. Kxg4 Kxa3 68. Kh5 Kxb4 69. g4 Ka5 70. g5 b4 71. g6 b3 72. g7 b2 73. g8Q b1Q 0-1